000 00776nam a2200193 a 4500
001 000025676
005 20200930023950.0
008 110221s19uu sp 000 0 spa d
020 _a8474612519
040 _aDO-SdBNP
_bspa
_cBNPHU
100 1 _aVoltaire,
_d1694-1778.
_94768
245 1 0 _aCándido el ingenuo / :
_bVoltaire ; traducciónes de Leandro Fernández de Moratín y del abate Marchena ; prólogo de Joaquín del Moral Ruiz.
260 _aMadrid :
_bClub internacional del libro,
_c19uu.
300 _a195 p. ;
_c20 cm.
490 1 _aGrandes Genios de la literatura universar
700 1 _aFernández de Moratín, Leandro,
_d1760-1828
_etrad.
_915834
700 1 _aMoral Ruiz, Joaquín del,
_epról.
_912826
830 0 _aGrandes Genios de la literatura universa
_952437
999 _c25168
_d25168